[Event "February Sectional. Section C"]
[Site "Winnipeg CAN"]
[Date "2006.02.12"]
[Round "5"]
[White "Bist, Kent"]
[Black "Kwiatek, Jordan"]
[Result "0-1"]
[WhiteElo "1545"]
[BlackElo "1695"]
[PlyCount "52"]
[EventDate "2006.02.10"]
[EventType "tourn"]
[EventRounds "5"]
[EventCountry "CAN"]

1. e4 e6 2. d4 d5 3. e5 c5 4. c3 Nc6 5. Be3 Qb6 6. b3 Nh6 7. Nf3 Nf5 8. a3 Bd7
9. Be2 Be7 10. O-O f6 11. b4 c4 12. a4 a5 13. b5 Nd8 14. Nbd2 Nf7 15. Bf4 O-O-O
16. exf6 gxf6 17. Bxc4 dxc4 18. Nxc4 Qa7 19. b6 Qa6 20. Qb3 Bc6 21. Bc7 Bd5 22.
Nfd2 Rhg8 23. g3 Rd7 24. Qb5 Ng5 25. Nd6+ Bxd6 26. Bxd6 Nh3# 0-1

[Event "February Sectional. Section C"]
[Site "Winnipeg CAN"]
[Date "2006.02.12"]
[Round "5"]
[White "Rumpel, Chris"]
[Black "Clory, Ron"]
[Result "1/2-1/2"]
[WhiteElo "1559"]
[BlackElo "1580"]
[PlyCount "60"]
[EventDate "2006.02.10"]
[EventType "tourn"]
[EventRounds "5"]
[EventCountry "CAN"]

1. Nf3 d6 2. g3 g6 3. Bg2 Bg7 4. O-O Nf6 5. d3 O-O 6. e4 Bg4 7. h3 Bxf3 8. Bxf3
c6 9. c3 Nbd7 10. Re1 e5 11. Bg2 Qc7 12. f4 exf4 13. gxf4 Qb6+ 14. d4 c5 15.
Re2 cxd4 16. cxd4 Ne8 17. Be3 Qd8 18. Nc3 Nb6 19. Qd3 Nc7 20. Rd1 Qd7 21. Rf2
d5 22. e5 Nc4 23. Bc1 Rad8 24. Nxd5 Nxd5 25. Qxc4 b5 26. Qxd5 Qxd5 27. Bxd5
Rxd5 28. Rc2 Rfd8 29. Be3 Bf8 30. Rc7 Bc5 1/2-1/2

[Event "February Sectional. Section C"]
[Site "Winnipeg CAN"]
[Date "2006.02.12"]
[Round "5"]
[White "Wood, Nathan"]
[Black "Einarsson, Ken"]
[Result "1-0"]
[WhiteElo "1595"]
[BlackElo "1578"]
[PlyCount "64"]
[EventDate "2006.02.10"]
[EventType "tourn"]
[EventRounds "5"]
[EventCountry "CAN"]

1. c4 e5 2. Nc3 Nc6 3. g3 Nf6 4. Nf3 Bc5 5. Bg2 O-O 6. O-O d5 7. cxd5 Nxd5 8.
Nxe5 Nxc3 9. bxc3 Nxe5 10. d4 Ng6 11. dxc5 Qxd1 12. Rxd1 c6 13. f4 Bg4 14. Re1
Rfe8 15. e4 Rad8 16. Be3 f6 17. h3 Bc8 18. Rad1 Kf7 19. Rd4 Nf8 20. Red1 Ne6
21. Rd6 Ke7 22. e5 f5 23. g4 Nc7 24. c4 fxg4 25. f5 h6 26. hxg4 Na6 27. f6+
gxf6 28. exf6+ Kf7 29. Rxd8 Rxe3 30. Rxc8 Nxc5 31. Rf1 Rc3 32. Rc7+ Kf8 1-0

[Event "February Sectional. Section D"]
[Site "Winnipeg CAN"]
[Date "2006.02.10"]
[Round "1"]
[White "Gannon, Keith"]
[Black "Green, Aaron"]
[Result "1-0"]
[WhiteElo "1518"]
[BlackElo "1266"]
[PlyCount "81"]
[EventDate "2006.02.10"]
[EventType "swiss"]
[EventRounds "5"]
[EventCountry "CAN"]

1. e4 c5 2. b3 d6 3. Nf3 Nc6 4. Bb2 Nf6 5. d3 Bd7 6. Nbd2 a6 7. Be2 e6 8. e5
Nxe5 9. Nxe5 dxe5 10. Bxe5 Bc6 11. Bf3 Bxf3 12. Qxf3 Qd5 13. Bxf6 Qxf3 14. Nxf3
gxf6 15. O-O Bg7 16. Rad1 O-O 17. Nd2 b6 18. Rfe1 f5 19. Re2 Rab8 20. Nf3 h6
21. Ne5 Bxe5 22. Rxe5 Rfd8 23. Rde1 Rd6 24. h3 Re8 25. f3 f6 26. Rxf5 exf5 27.
Rxe8+ Kf7 28. Re1 Re6 29. Rc1 Re2 30. Kf1 Re5 31. Kf2 f4 32. a4 a5 33. Rd1 Ke6
34. d4 Rd5 35. Re1+ Kf7 36. dxc5 bxc5 37. Re2 h5 38. h4 Rd4 39. g3 fxg3+ 40.
Kxg3 f5 41. Re5 1-0

[Event "February Sectional. Section D"]
[Site "Winnipeg CAN"]
[Date "2006.02.10"]
[Round "1"]
[White "Gibbons, Lorne"]
[Black "Booth, Kevin"]
[Result "1-0"]
[WhiteElo "1279"]
[BlackElo "1529"]
[PlyCount "133"]
[EventDate "2006.02.10"]
[EventType "swiss"]
[EventRounds "5"]
[EventCountry "CAN"]

1. d4 d5 2. c4 c6 3. Nc3 Nf6 4. Bf4 e6 5. a3 Bd6 6. Bg5 O-O 7. e3 Nbd7 8. c5
Be7 9. Nf3 Ng4 10. Bxe7 Qxe7 11. h3 Ngf6 12. Nd2 e5 13. dxe5 Nxe5 14. b4 d4 15.
Nce4 Nxe4 16. Nxe4 dxe3 17. fxe3 Qh4+ 18. Nf2 Rd8 19. Qb3 Be6 20. Qc3 Nc4 21.
Bxc4 Bxc4 22. e4 Be6 23. O-O Rd7 24. Rad1 Rad8 25. Qe5 h6 26. g3 Qe7 27. g4
Rxd1 28. Rxd1 Rxd1+ 29. Nxd1 Qd8 30. Nf2 Bc4 31. Qc3 Bb5 32. Kg2 Qe7 33. e5 Qd7
34. Kg3 Qd5 35. h4 Bf1 36. Kf4 Qg2 37. Qf3 Qxf3+ 38. Kxf3 Kf8 39. Ne4 Bc4 40.
Nd6 Bd5+ 41. Kf4 b6 42. cxb6 axb6 43. Nf5 Be6 44. Nd4 Bd5 45. Nf5 g6 46. Nxh6
b5 47. g5 Ke7 48. Ng4 Be6 49. Nf6 Bc4 50. h5 gxh5 51. Nxh5 Bd5 52. Ng7 Kf8 53.
Nf5 Ke8 54. Nd4 Ke7 55. Kf5 Bg2 56. g6 fxg6+ 57. Kxg6 Be4+ 58. Kg5 Bg2 59. Kf4
Bd5 60. Kf5 Bg2 61. e6 Kd6 62. Kf6 Bd5 63. Nf5+ Kc7 64. e7 Kd7 65. Kg7 Ke8 66.
Kf6 Kd7 67. Ng7 1-0

[Event "February Sectional. Section D"]
[Site "Winnipeg CAN"]
[Date "2006.02.10"]
[Round "1"]
[White "Wiebe, Daniel"]
[Black "Bigras, Roger"]
[Result "1-0"]
[WhiteElo "1016"]
[BlackElo "1317"]
[PlyCount "33"]
[EventDate "2006.02.10"]
[EventType "swiss"]
[EventRounds "5"]
[EventCountry "CAN"]

1. e4 c5 2. Nf3 e6 3. d4 cxd4 4. Nxd4 a6 5. Nf3 Qc7 6. Nc3 Nc6 7. Bd3 Nf6 8.
Qe2 Bd6 9. Bg5 Ng4 10. h3 Nge5 11. O-O-O b5 12. Bxb5 Bb4 13. Bxc6 Bxc3 14. Bxa8
Bxb2+ 15. Kxb2 Nc4+ 16. Kc1 Qc5 17. Rd3 1-0

[Event "February Sectional. Section D"]
[Site "Winnipeg CAN"]
[Date "2006.02.11"]
[Round "2"]
[White "Bigras, Roger"]
[Black "Green, Aaron"]
[Result "1-0"]
[WhiteElo "1317"]
[BlackElo "1266"]
[PlyCount "79"]
[EventDate "2006.02.10"]
[EventType "swiss"]
[EventRounds "5"]
[EventCountry "CAN"]

1. e4 e5 2. Nf3 Nc6 3. Bb5 d6 4. c3 a6 5. Ba4 Bd7 6. O-O Nf6 7. Re1 Be7 8. d4
O-O 9. Bg5 b5 10. Bc2 h6 11. Bh4 Nh7 12. Bg3 Bg4 13. d5 Na7 14. Nbd2 Ng5 15. h3
Nxf3+ 16. Nxf3 Bh5 17. Qd3 Bxf3 18. Qxf3 c6 19. Rad1 c5 20. Qh5 Qd7 21. f4 f6
22. f5 Qe8 23. Qe2 Nc8 24. Bf2 Qd7 25. b3 Qc7 26. c4 b4 27. Be3 Nb6 28. Qg4 g5
29. fxg6 Kg7 30. Qh5 Rh8 31. Rf1 Raf8 32. Rf5 a5 33. Rdf1 Qd8 34. Bd1 Na8 35.
Qg4 Nc7 36. Rh5 Qe8 37. Bxh6+ Kg8 38. g7 Rxh6 39. gxf8=Q+ Kxf8 40. Rxh6 1-0

[Event "February Sectional. Section D"]
[Site "Winnipeg CAN"]
[Date "2006.02.11"]
[Round "2"]
[White "Booth, Kevin"]
[Black "Bist, Jordan"]
[Result "1-0"]
[WhiteElo "1529"]
[BlackElo "1291"]
[PlyCount "119"]
[EventDate "2006.02.10"]
[EventType "swiss"]
[EventRounds "5"]
[EventCountry "CAN"]

1. d4 Nf6 2. c4 d6 3. g3 Nbd7 4. Bg2 e5 5. e3 Be7 6. Ne2 O-O 7. Nbc3 Re8 8. O-O
Bf8 9. b3 c6 10. Bb2 Qc7 11. d5 a6 12. e4 c5 13. f4 Re7 14. f5 Qa5 15. Qd3 Rb8
16. Nd1 b5 17. Bc3 Qb6 18. cxb5 Ng4 19. Qd2 axb5 20. Bf3 Ngf6 21. Kg2 c4 22.
bxc4 Nc5 23. Nf2 Ra7 24. Rab1 Qa6 25. Rxb5 Rxb5 26. cxb5 Qxb5 27. Bb4 Qc4 28.
Bxc5 Rxa2 29. Qd3 Qxd3 30. Nxd3 dxc5 31. Nxe5 Ba6 32. Rf2 Nxe4 33. Bxe4 Bxe2
34. Bd3 Bd6 35. Nc6 c4 36. Rxe2 Rxe2+ 37. Bxe2 c3 38. Bd3 Kf8 39. Kf3 Ke8 40.
Ke3 Ba3 41. Ke2 Bb2 42. Kd1 Kd7 43. Kc2 Kd6 44. Nb4 Kc5 45. Na2 Kxd5 46. Nxc3+
Bxc3 47. Kxc3 Ke5 48. Kc4 g6 49. fxg6 fxg6 50. Kc3 Kf6 51. Kd4 Kg7 52. h4 Kh6
53. Ke5 g5 54. hxg5+ Kxg5 55. Be2 h5 56. Bxh5 Kxh5 57. Kf4 Kg6 58. Kg4 Kf7 59.
Kh5 Kg7 60. Kg5 1-0

[Event "February Sectional. Section D"]
[Site "Winnipeg CAN"]
[Date "2006.02.11"]
[Round "2"]
[White "Wiebe, Daniel"]
[Black "Gannon, Keith"]
[Result "0-1"]
[WhiteElo "1016"]
[BlackElo "1518"]
[PlyCount "84"]
[EventDate "2006.02.10"]
[EventType "swiss"]
[EventRounds "5"]
[EventCountry "CAN"]

1. e4 c5 2. Nf3 d6 3. d4 cxd4 4. Nxd4 Nf6 5. Nc3 e6 6. Bd3 Nc6 7. Be3 Nxd4 8.
Bxd4 Be7 9. Qf3 e5 10. Be3 O-O 11. Nd5 Nxd5 12. exd5 f5 13. Qh5 Qa5+ 14. Bd2
Qxd5 15. b3 Qc6 16. O-O-O Be6 17. g4 g6 18. Qh6 e4 19. Be2 Rac8 20. c4 b5 21.
g5 Rf7 22. Kb2 bxc4 23. Rc1 Bf8 24. Qh3 Bg7+ 25. Kb1 d5 26. f3 f4 27. Qh4 e3
28. Bc3 d4 29. Bb4 Bf5+ 30. Kb2 d3+ 31. Bc3 Bxc3+ 32. Rxc3 dxe2 33. Qxf4 Be6
34. Qxe3 Qb6 35. Qxe2 Bd5 36. Rf1 Rfc7 37. Qe5 Bf7 38. Rfc1 Re8 39. Qf4 Re2+
40. R3c2 Rxc2+ 41. Rxc2 Qb7 42. Rd2 c3+ 0-1

[Event "February Sectional. Section D"]
[Site "Winnipeg CAN"]
[Date "2006.02.11"]
[Round "3"]
[White "Bist, Jordan"]
[Black "Bigras, Roger"]
[Result "0-1"]
[WhiteElo "1291"]
[BlackElo "1317"]
[PlyCount "80"]
[EventDate "2006.02.10"]
[EventType "swiss"]
[EventRounds "5"]
[EventCountry "CAN"]

1. c4 e5 2. Nc3 Bb4 3. d3 Bxc3+ 4. bxc3 b6 5. Nf3 d6 6. e4 Nf6 7. Be2 O-O 8.
O-O c6 9. Ba3 Re8 10. Qb3 d5 11. exd5 cxd5 12. cxd5 Nxd5 13. Nd2 Bb7 14. Bf3
Qd7 15. Bd6 Qxd6 16. c4 Rd8 17. cxd5 Bxd5 18. Bxd5 Qxd5 19. Qxd5 Rxd5 20. Rac1
Nd7 21. Rc7 Rxd3 22. Rfc1 Nc5 23. Nf3 Rad8 24. h3 e4 25. Ne5 R3d5 26. Nc6 Rd1+
27. Rxd1 Rxd1+ 28. Kh2 f5 29. Ne5 Kf8 30. Rxa7 Rd2 31. f3 e3 32. Nc6 e2 33. Re7
Nd3 34. Rb7 e1=Q 35. Rb8+ Kf7 36. Nd8+ Ke7 37. Nc6+ Kd7 38. Rxb6 Qf2 39. Nb8+
Kc7 40. Rb5 Qxg2# 0-1

[Event "February Sectional. Section D"]
[Site "Winnipeg CAN"]
[Date "2006.02.11"]
[Round "3"]
[White "Green, Aaron"]
[Black "Wiebe, Daniel"]
[Result "1/2-1/2"]
[WhiteElo "1266"]
[BlackElo "1016"]
[PlyCount "64"]
[EventDate "2006.02.10"]
[EventType "swiss"]
[EventRounds "5"]
[EventCountry "CAN"]

1. e4 e5 2. Nf3 Nc6 3. Bb5 a6 4. Bxc6 dxc6 5. d3 f6 6. Be3 Bg4 7. Nbd2 Qd7 8.
h3 Bh5 9. Nf1 Qe6 10. Ng3 Bg6 11. O-O f5 12. exf5 Bxf5 13. Re1 O-O-O 14. Bf4
Bxh3 15. Rxe5 Qd7 16. Bd2 Bd6 17. Re1 Bxg3 18. fxg3 Bg4 19. Rf1 Nf6 20. Qc1 h5
21. Ne5 Qe6 22. Ng6 Rh7 23. Nh4 Rg8 24. Re1 Qd5 25. Ng6 Qd4+ 26. Be3 Qd6 27.
Bf4 Qc5+ 28. Be3 Qd6 29. Bf4 Qd4+ 30. Qe3 Qxe3+ 31. Rxe3 Kb8 32. Rae1 Nd5
1/2-1/2

[Event "February Sectional. Section D"]
[Site "Winnipeg CAN"]
[Date "2006.02.12"]
[Round "4"]
[White "Bigras, Roger"]
[Black "Gannon, Keith"]
[Result "1/2-1/2"]
[WhiteElo "1317"]
[BlackElo "1518"]
[PlyCount "85"]
[EventDate "2006.02.10"]
[EventType "swiss"]
[EventRounds "5"]
[EventCountry "CAN"]

1. e4 e5 2. Nf3 d6 3. d4 exd4 4. Nxd4 Nf6 5. Nc3 a6 6. a4 Bd7 7. Bc4 Nc6 8. Bg5
Be7 9. O-O O-O 10. h3 Ne5 11. Ba2 Ne8 12. Be3 Bf6 13. Nd5 Nc6 14. Nxf6+ Nxf6
15. Qf3 Re8 16. Nxc6 Bxc6 17. Bg5 Rxe4 18. Bxf6 Qxf6 19. Qxf6 gxf6 20. Bb1 Rxa4
21. Rxa4 Bxa4 22. Re1 Re8 23. Rxe8+ Bxe8 24. Kf1 Bb5+ 25. Ke1 Bc6 26. g3 Kg7
27. c3 Bd7 28. h4 h5 29. Be4 b6 30. Bd3 a5 31. Be2 Kg6 32. Bd3+ f5 33. f4 d5
34. Ke2 b5 35. Ke3 b4 36. cxb4 axb4 37. Kd4 c6 38. Ba6 f6 39. Kc5 Kg7 40. Kxb4
Kf8 41. Kc5 Ke7 42. Be2 Be8 43. Bd3 1/2-1/2

[Event "February Sectional. Section D"]
[Site "Winnipeg CAN"]
[Date "2006.02.12"]
[Round "4"]
[White "Booth, Kevin"]
[Black "Wiebe, Daniel"]
[Result "1-0"]
[WhiteElo "1529"]
[BlackElo "1016"]
[PlyCount "57"]
[EventDate "2006.02.10"]
[EventType "swiss"]
[EventRounds "5"]
[EventCountry "CAN"]

1. d4 g6 2. c4 Nf6 3. Nc3 Bg7 4. e4 d6 5. f3 O-O 6. Bd3 Nbd7 7. Nge2 b6 8. b3
Bb7 9. Bb2 Re8 10. O-O e5 11. d5 a6 12. Rc1 Nc5 13. Ng3 Qd7 14. Nce2 c6 15. Qc2
b5 16. f4 Ng4 17. Qd2 Nxd3 18. Qxd3 exf4 19. Bxg7 fxg3 20. Ba1 gxh2+ 21. Kh1
cxd5 22. exd5 bxc4 23. Rxc4 Bxd5 24. Qxd5 Ne3 25. Qd4 f5 26. Qh8+ Kf7 27. Qg7+
Ke6 28. Qf6+ Kd5 29. Nf4# 1-0

[Event "February Sectional. Section D"]
[Site "Winnipeg CAN"]
[Date "2006.02.12"]
[Round "4"]
[White "Green, Aaron"]
[Black "Bist, Jordan"]
[Result "1-0"]
[WhiteElo "1266"]
[BlackElo "1291"]
[PlyCount "87"]
[EventDate "2006.02.10"]
[EventType "swiss"]
[EventRounds "5"]
[EventCountry "CAN"]

1. e4 e5 2. Nf3 d6 3. Nc3 Nf6 4. d4 Be7 5. dxe5 dxe5 6. Qxd8+ Bxd8 7. Nxe5 O-O
8. Bd3 Re8 9. Nf3 Bf5 10. Nd2 Nbd7 11. O-O Bg6 12. Re1 Nc5 13. a3 Nxd3 14. cxd3
c6 15. Nf3 Bb6 16. Be3 Bxe3 17. Rxe3 Ng4 18. Re2 Rad8 19. Rd2 Bh5 20. h3 Nf6
21. g4 Bg6 22. Nh4 c5 23. Nxg6 hxg6 24. f3 Nd7 25. f4 Nb8 26. e5 Nc6 27. b3 Nd4
28. Rb2 Nf3+ 29. Kf2 Rxd3 30. Ne2 Nh4 31. Ng1 f5 32. g5 Red8 33. Re1 R8d4 34.
Ne2 Rf3+ 35. Kg1 Re4 36. Rd1 Rxh3 37. Rd8+ Kh7 38. Re8 Nf3+ 39. Kg2 Re3 40.
Kxh3 Nd4+ 41. Ng3 Nxb3 42. Rh2 Re2 43. Nxe2 c4 44. Kg2# 1-0

[Event "February Sectional. Section D"]
[Site "Winnipeg CAN"]
[Date "2006.02.12"]
[Round "5"]
[White "Bigras, Roger"]
[Black "Booth, Kevin"]
[Result "0-1"]
[WhiteElo "1317"]
[BlackElo "1529"]
[PlyCount "122"]
[EventDate "2006.02.10"]
[EventType "swiss"]
[EventRounds "5"]
[EventCountry "CAN"]

1. e4 e5 2. Nf3 d6 3. d4 exd4 4. Nxd4 Nf6 5. Nc3 Be7 6. Be2 O-O 7. O-O Be6 8.
Be3 Qd7 9. f4 Bg4 10. Nf3 Nc6 11. h3 Bxf3 12. Bxf3 Rfe8 13. Qd2 Bf8 14. Rad1
Rad8 15. Qf2 Qe7 16. Rfe1 g6 17. Bd2 Bg7 18. Nd5 Nxd5 19. exd5 Bd4 20. Rxe7
Bxf2+ 21. Kxf2 Nxe7 22. g4 Nc8 23. b3 Nb6 24. c4 Re7 25. f5 Kg7 26. f6+ Kxf6
27. Bc3+ Re5 28. Bxe5+ Kxe5 29. Re1+ Kf6 30. h4 Nd7 31. g5+ Kg7 32. Kg3 Ne5 33.
Be2 Re8 34. Bg4 Kf8 35. a4 Nxg4 36. Rxe8+ Kxe8 37. Kxg4 a5 38. Kf4 Ke7 39. Kg4
f6 40. Kf4 f5 41. Ke3 Kd7 42. Kd4 c6 43. Ke3 cxd5 44. cxd5 Ke7 45. Kf4 Kf8 46.
Ke3 Kg7 47. Kf4 h6 48. Ke3 hxg5 49. hxg5 Kf7 50. Kd3 Ke7 51. Kd4 Kd7 52. Kc4
Kc7 53. Kd4 Kb6 54. Kc4 Ka6 55. Kd4 b5 56. Kc3 b4+ 57. Kd4 Kb6 58. Kc4 f4 59.
Kd4 f3 60. Ke3 Kc5 61. Kxf3 Kxd5 0-1

[Event "February Sectional. Section D"]
[Site "Winnipeg CAN"]
[Date "2006.02.12"]
[Round "5"]
[White "Bist, Jordan"]
[Black "Gannon, Keith"]
[Result "0-1"]
[WhiteElo "1291"]
[BlackElo "1518"]
[PlyCount "166"]
[EventDate "2006.02.10"]
[EventType "swiss"]
[EventRounds "5"]
[EventCountry "CAN"]

1. e4 e5 2. Nf3 d6 3. Bc4 Be7 4. O-O Nf6 5. c3 Nxe4 6. Re1 Nf6 7. Bb3 O-O 8.
Bc2 Nc6 9. a3 Re8 10. d4 exd4 11. cxd4 d5 12. Qd3 g6 13. Bd2 Bf5 14. Qb3 Bxc2
15. Qxc2 Ne4 16. Qb3 Nxd2 17. Nfxd2 Nxd4 18. Qc3 Nc6 19. Nf3 Bd6 20. Rxe8+ Qxe8
21. Nbd2 Rd8 22. h3 d4 23. Qb3 b6 24. Nh2 Bxh2+ 25. Kxh2 Qe5+ 26. Kg1 d3 27.
Nf3 Qf6 28. Rd1 Nd4 29. Nxd4 Qxd4 30. g3 d2 31. h4 h5 32. a4 a5 33. Qc2 c5 34.
b3 Qd3 35. Qxd3 Rxd3 36. Kf1 Rxb3 37. Rxd2 Rb4 38. Rd8+ Kg7 39. Rb8 Kf6 40. Rc8
c4 41. Rc6+ Kg7 42. Ke2 Rb2+ 43. Ke3 Rb3+ 44. Kd4 b5 45. axb5 Rxb5 46. Rxc4 g5
47. Ra4 gxh4 48. gxh4 Rf5 49. Ke3 Re5+ 50. Kf3 Rb5 51. Ke3 Rb4 52. Rxa5 Rxh4
53. Rg5+ Kf6 54. f4 Rh3+ 55. Kf2 h4 56. Kg2 Rc3 57. Rh5 Rg3+ 58. Kh2 Rg4 59. f5
Rf4 60. Kh3 Rxf5 61. Rxh4 Ke5 62. Ra4 Rf1 63. Ra5+ Kf4 64. Ra6 f5 65. Rf6 Rh1+
66. Kg2 Rh4 67. Ra6 Rg4+ 68. Kf2 Rg8 69. Ra3 Rc8 70. Rb3 Rc2+ 71. Kf1 Kg4 72.
Ra3 f4 73. Ra4 Kg3 74. Ra3+ f3 75. Ra1 Rh2 76. Kg1 f2+ 77. Kf1 Rh1+ 78. Ke2
Rxa1 79. Ke3 f1=Q 80. Kd4 Qf5 81. Ke3 Ra4 82. Ke2 Qf3+ 83. Kd2 Ra2+ 0-1

[Event "February Sectional. Section D"]
[Site "Winnipeg CAN"]
[Date "2006.02.12"]
[Round "5"]
[White "Wiebe, Daniel"]
[Black "Green, Aaron"]
[Result "0-1"]
[WhiteElo "1016"]
[BlackElo "1266"]
[PlyCount "66"]
[EventDate "2006.02.10"]
[EventType "swiss"]
[EventRounds "5"]
[EventCountry "CAN"]

1. e4 c5 2. Nf3 d6 3. Bc4 Nf6 4. d3 a6 5. Be3 b5 6. Bd5 Nxd5 7. exd5 Bb7 8. c4
g6 9. Qc2 Bg7 10. Nc3 bxc4 11. dxc4 Nd7 12. O-O O-O 13. Qd2 Nb6 14. b3 a5 15.
a4 Ba6 16. Bh6 Nd7 17. Rfe1 Re8 18. Rab1 Nf6 19. Ne4 Nxe4 20. Rxe4 Rb8 21. Rh4
Bf6 22. Rh3 Bxc4 23. Bf8 h5 24. g4 Qc8 25. Qf4 Rxf8 26. Rg3 Bxd5 27. gxh5 Bxf3
28. hxg6 Rb4 29. Qh6 Rh4 30. gxf7+ Kxf7 31. Qg6+ Ke6 32. Re1+ Kd7 33. Rxf3 Rg8
0-1

[Event "February TNT"]
[Site "Winnipeg CAN"]
[Date "2006.02.07"]
[Round "1"]
[White "Gibbons, Lorne"]
[Black "Oberton, Daniel"]
[Result "0-1"]
[WhiteElo "1279"]
[BlackElo "1762"]
[PlyCount "72"]
[EventDate "2006.02.07"]
[EventType "swiss"]
[EventRounds "4"]
[EventCountry "CAN"]

1. d4 Nf6 2. c4 g6 3. Nc3 Bg7 4. Bg5 O-O 5. e4 d6 6. Nf3 Nbd7 7. h3 c5 8. d5
Qa5 9. Qb3 Nxe4 10. Bd2 Nxd2 11. Nxd2 e6 12. Be2 Qb6 13. O-O Qxb3 14. axb3 exd5
15. cxd5 Bxc3 16. bxc3 Nf6 17. c4 Bd7 18. Rfe1 Rfe8 19. g4 a6 20. Kh2 Re7 21.
Bd3 Rae8 22. Rf1 Kg7 23. g5 Nh5 24. Ne4 Rxe4 25. Bxe4 Rxe4 26. Rae1 Rh4 27. Re7
Rxh3+ 28. Kg1 Bg4 29. Re3 Bf3 30. Rxf3 Rxf3 31. Kg2 Rxb3 32. f4 Rc3 33. f5 gxf5
34. Rxf5 Kg6 35. Rf6+ Nxf6 36. gxf6 Kxf6 0-1

[Event "February TNT"]
[Site "Winnipeg CAN"]
[Date "2006.02.07"]
[Round "1"]
[White "Greenberg, Harley"]
[Black "Gibson, Fred"]
[Result "1-0"]
[WhiteElo "1742"]
[BlackElo "1183"]
[PlyCount "31"]
[EventDate "2006.02.07"]
[EventType "swiss"]
[EventRounds "4"]
[EventCountry "CAN"]

1. d4 d5 2. c4 c6 3. Nf3 Nf6 4. Nc3 e6 5. g3 Bb4 6. Bg2 Nbd7 7. Qb3 Qa5 8. O-O
O-O 9. Bd2 c5 10. cxd5 Nxd5 11. a3 Qd8 12. axb4 Nxb4 13. dxc5 Nc6 14. Ne4 Nf6
15. Bg5 Qe8 16. Bxf6 1-0

[Event "February TNT"]
[Site "Winnipeg CAN"]
[Date "2006.02.07"]
[Round "1"]
[White "Khedkar, Jay"]
[Black "Harding, Mike"]
[Result "1-0"]
[WhiteElo "1880"]
[BlackElo "1683"]
[PlyCount "48"]
[EventDate "2006.02.07"]
[EventType "swiss"]
[EventRounds "4"]
[EventCountry "CAN"]

1. e4 c6 2. d4 Na6 3. Nf3 d6 4. Nc3 Nc7 5. Bc4 g6 6. O-O Bg7 7. Qe2 b5 8. Bb3
a5 9. Ng5 Nh6 10. Qf3 O-O 11. a4 b4 12. Ne2 e5 13. d5 cxd5 14. exd5 Bg4 15. Qd3
Qe7 16. Ng3 f5 17. h3 f4 18. hxg4 fxg3 19. Qxg3 Qd7 20. Ne6 Nxe6 21. dxe6 Qe7
22. Qh3 Nxg4 23. Qxg4 Rf5 24. Be3 g5 1-0

[Event "February TNT"]
[Site "Winnipeg CAN"]
[Date "2006.02.07"]
[Round "1"]
[White "Kwiatek, Jordan"]
[Black "Tang, Edward"]
[Result "1-0"]
[WhiteElo "1695"]
[BlackElo "1991"]
[PlyCount "77"]
[EventDate "2006.02.07"]
[EventType "swiss"]
[EventRounds "4"]
[EventCountry "CAN"]

1. d4 Nf6 2. c4 e6 3. Nf3 d5 4. Nc3 Be7 5. cxd5 Nxd5 6. e4 Nxc3 7. bxc3 c5 8.
Rb1 O-O 9. Be2 b6 10. d5 exd5 11. exd5 Bf5 12. Rb3 Nd7 13. Bf4 Bf6 14. O-O Re8
15. Qd2 Ne5 16. Nxe5 Bxe5 17. Bb5 Bd7 18. Bxd7 Qxd7 19. c4 g6 20. Bxe5 Rxe5 21.
Re1 Rxe1+ 22. Qxe1 Qa4 23. Qe2 Re8 24. Re3 Kf8 25. Rxe8+ Qxe8 26. Qd2 Qe4 27.
Qc1 Ke7 28. g3 h5 29. Qg5+ Kd7 30. Qf6 Qe1+ 31. Kg2 Qe4+ 32. Kh3 Qg4+ 33. Kg2
Qe4+ 34. Qf3 Qxf3+ 35. Kxf3 b5 36. cxb5 Kd6 37. Ke4 f5+ 38. Kd3 Kxd5 39. f4 1-0

[Event "February TNT"]
[Site "Winnipeg CAN"]
[Date "2006.02.07"]
[Round "1"]
[White "Proulx, Roy"]
[Black "Bigras, Roger"]
[Result "1-0"]
[WhiteElo "1774"]
[BlackElo "1317"]
[PlyCount "39"]
[EventDate "2006.02.07"]
[EventType "swiss"]
[EventRounds "4"]
[EventCountry "CAN"]

1. e4 c5 2. Nf3 e6 3. d4 cxd4 4. Nxd4 a6 5. c4 Qc7 6. Nc3 Nf6 7. Bg5 Be7 8. Rc1
Nc6 9. Be2 O-O 10. f4 h6 11. Bh4 d6 12. O-O b6 13. Nxc6 Qxc6 14. e5 dxe5 15.
fxe5 Qc5+ 16. Kh1 Qxe5 17. Bg3 Qc5 18. Bf3 Ra7 19. Bf2 Qd6 20. Qc2 1-0

[Event "February TNT"]
[Site "Winnipeg CAN"]
[Date "2006.02.07"]
[Round "1"]
[White "Reimer, Bruce"]
[Black "Wierda, John"]
[Result "1/2-1/2"]
[WhiteElo "1494"]
[BlackElo "1778"]
[PlyCount "115"]
[EventDate "2006.02.07"]
[EventType "swiss"]
[EventRounds "4"]
[EventCountry "CAN"]

1. e4 e6 2. d4 d5 3. e5 c5 4. c3 Nc6 5. Nf3 Nge7 6. Na3 Ng6 7. Nc2 Be7 8. Be2
O-O 9. O-O Qb6 10. b3 Bd7 11. Ng5 cxd4 12. cxd4 Bxg5 13. Bxg5 h6 14. Be3 Rac8
15. Bh5 Nce7 16. Ne1 Bb5 17. Be2 Rc7 18. Nd3 a6 19. Qd2 Rfc8 20. Rfc1 Nf5 21.
Rxc7 Rxc7 22. Nc5 Bxe2 23. Qxe2 Qb5 24. Qxb5 axb5 25. Rc1 Nge7 26. Kf1 Nc6 27.
Nd3 Re7 28. a4 Ncxd4 29. Bxd4 Nxd4 30. axb5 Nxb3 31. Rc3 Nd2+ 32. Ke2 Nc4 33.
f4 Kf8 34. Rc2 b6 35. Nb2 Nxb2 36. Rxb2 f6 37. Rc2 Rb7 38. Rc6 Kf7 39. g4 g6
40. h4 fxe5 41. fxe5 h5 42. g5 Ke7 43. Kd3 Kd7 44. Ke3 Ra7 45. Rxb6 Ra4 46.
Rd6+ Ke7 47. b6 Rxh4 48. Rc6 Kd7 49. Rc7+ Kd8 50. Rg7 Kc8 51. Rxg6 Re4+ 52. Kd3
Rxe5 53. Rg8+ Kb7 54. g6 Rg5 55. g7 e5 56. Re8 e4+ 57. Kd4 Rxg7 58. Kxd5
1/2-1/2

[Event "February TNT"]
[Site "Winnipeg CAN"]
[Date "2006.02.07"]
[Round "1"]
[White "Rumpel, Chris"]
[Black "Cleto, Sam"]
[Result "1/2-1/2"]
[WhiteElo "1559"]
[BlackElo "1822"]
[PlyCount "23"]
[EventDate "2006.02.07"]
[EventType "swiss"]
[EventRounds "4"]
[EventCountry "CAN"]

1. Nf3 Nf6 2. g3 g6 3. Bg2 Bg7 4. O-O O-O 5. d3 d6 6. e4 Bg4 7. h3 Bd7 8. Nbd2
Qc8 9. Kh2 Nc6 10. c3 a5 11. Nc4 b5 12. e5 1/2-1/2

[Event "February TNT"]
[Site "Winnipeg CAN"]
[Date "2006.02.14"]
[Round "2"]
[White "Bigras, Roger"]
[Black "Gibbons, Lorne"]
[Result "1/2-1/2"]
[WhiteElo "1317"]
[BlackElo "1279"]
[PlyCount "134"]
[EventDate "2006.02.07"]
[EventType "swiss"]
[EventRounds "4"]
[EventCountry "CAN"]

1. e4 e6 2. d4 d5 3. Nc3 c6 4. Nf3 Bb4 5. e5 Bxc3+ 6. bxc3 Nd7 7. Bd3 Qc7 8.
Qd2 b5 9. Qg5 g6 10. Ba3 Nf8 11. Bd6 Qd7 12. O-O f5 13. Rab1 Ba6 14. a4 h6 15.
Qd2 Ne7 16. Qe2 Nc8 17. Bc5 Rb8 18. Rb4 Rb7 19. Rfb1 Kf7 20. axb5 cxb5 21. Bxb5
Bxb5 22. Rxb5 Rxb5 23. Qxb5 Kg8 24. Qxd7 Nxd7 25. Rb7 Nxc5 26. dxc5 Rh7 27.
Rxh7 Kxh7 28. Nd4 a5 29. Nxe6 a4 30. Nd4 a3 31. f4 a2 32. Nb3 Kg7 33. Kf1 Kf7
34. Ke2 Na7 35. Kd2 Nb5 36. Kd3 Ke7 37. c4 dxc4+ 38. Kxc4 Na3+ 39. Kc3 Nb5+ 40.
Kb2 Kd7 41. Kxa2 Nc3+ 42. Kb2 Ne2 43. g3 g5 44. c3 gxf4 45. gxf4 Nxf4 46. Kc2
Ng6 47. Nd4 Nxe5 48. Nxf5 h5 49. Nd4 h4 50. Kb3 h3 51. Kb4 Ng4 52. Nf3 Kc6 53.
Kc4 Ne3+ 54. Kd4 Nf5+ 55. Ke4 Ne7 56. Ng5 Kxc5 57. Kd3 Nc6 58. Nxh3 Ne5+ 59.
Kc2 Nf3 60. Nf2 Nxh2 61. Kd3 Nf3 62. Ne4+ Kc6 63. Ke3 Ne5 64. Kd4 Nf3+ 65. Kc4
Ne5+ 66. Kb3 Kd5 67. Nd2 Kc5 1/2-1/2